Former Man Utd players still in the Premier League - Statistics

General Stats
  • This quiz has been taken 61 times
  • The average score is 8 of 12
Answer Stats
Current Club Answer Year left Man Utd Nationality % Correct
Newcastle Anthony Elanga 2023 Sweden
88%
West Ham Aaron Wan-Bissaka 2024 DR Congo
87%
Brighton Danny Welbeck 2014 England
85%
Leeds Dan James 2021 Wales
83%
Burnley Hannibal Mejbri 2024 Tunisia
73%
Crystal Palace Dean Henderson 2023 England
67%
Everton James Garner 2022 England
58%
Fulham Andreas Pereira 2022 Brazil
56%
Burnley Axel Tuanzebe 2023 DR Congo
54%
Burnley Martin Dubravka 2023 Slovakia
54%
Everton Michael Keane 2015 England
46%
* Leeds Largie Ramazani 2020 Belgium
10%
No matching quizzes found
Score Distribution
Percent of People with Each Score
Percentile by Number Answered
Your Score History
You have not taken this quiz